[Event "Provincial-ch Xixona Preferente"]
[Site "Xixona"]
[Date "2013.11.16"]
[Round "6"]
[White "Alonso Jimenez, Jaime"]
[Black "Camarasa Ramos, Jose Vicente"]
[Result "1-0"]
[WhiteElo "1806"]
[BlackElo "1545"]
[PlyCount "121"]
[EventDate "2013.10.05"]
[EventType "swiss"]
[EventRounds "7"]
[EventCountry "ESP"]
[SourceTitle "EXT 2024"]
[Source "ChessBase"]
[SourceDate "2023.10.10"]
[SourceVersion "1"]
[SourceVersionDate "2023.10.10"]
[SourceQuality "1"]

1. d4 d5 2. Nf3 e6 3. c4 Nf6 4. Nc3 c6 5. Bg5 h6 6. Bh4 Be7 7. Bxf6 Bxf6 8. e4 0-0 9. e5 Bg5 10. h4 Be7 11. c5 Nd7 12. Rc1 f6 13. Bd3 fxe5 14. dxe5 Nxc5 15. Bb1 Qa5 16. Qd4 Qb6 17. 0-0 Ne4 18. Qd3 Qa6 19. Qxa6 bxa6 20. Nxe4 dxe4 21. Bxe4 Rb8 22. b3 c5 23. Rfd1 Bb7 24. Bxb7 Rxb7 25. Rd3 Bd8 26. g3 Bb6 27. Kg2 Rbf7 28. Rc2 Rf5 29. Re2 a5 30. Re4 Kh7 31. g4 R5f7 32. h5 Bd8 33. Kg3 Bc7 34. Re2 Bb6 35. Red2 a4 36. g5 Rf5 37. g6+ Kg8 38. Rc2 axb3 39. axb3 Rxh5 40. Rd6 Re8 41. Kg4 Rh1 42. Rcd2 Rb1 43. R2d3 Rb2 44. Nd2 Kf8 45. f4 Rc2 46. Rd7 Rc1 47. Nf3 c4 48. bxc4 Rxc4 49. Rf7+ Kg8 50. Rdd7 Rc7 51. Rxg7+ Kf8 52. Rxc7 Bxc7 53. Rxc7 Re7 54. Rxe7 Kxe7 55. f5 exf5+ 56. Kxf5 a5 57. Nd4 a4 58. Nb5 Kf8 59. Kf6 h5 60. g7+ Kg8 61. e6 1-0

[Event "Provincial-ch Xixona Preferente"]
[Site "Xixona"]
[Date "2013.11.02"]
[Round "4"]
[White "Giner Mayor, Jose"]
[Black "Alonso Jimenez, Jaime"]
[Result "1-0"]
[WhiteElo "2002"]
[BlackElo "1806"]
[PlyCount "155"]
[EventDate "2013.10.05"]
[EventType "swiss"]
[EventRounds "7"]
[EventCountry "ESP"]
[SourceTitle "EXT 2024"]
[Source "ChessBase"]
[SourceDate "2023.10.10"]
[SourceVersion "1"]
[SourceVersionDate "2023.10.10"]
[SourceQuality "1"]

1. Nf3 c5 2. g3 Nc6 3. Bg2 d5 4. d4 e6 5. 0-0 Nf6 6. b3 cxd4 7. Nxd4 Bc5 8. Bb2 0-0 9. e3 Re8 10. Nxc6 bxc6 11. c4 a5 12. Nd2 Ba6 13. Rc1 Rc8 14. Qc2 Be7 15. Rfd1 Qb6 16. Nf3 Ne4 17. Ne5 Nf6 18. Bd4 c5 19. Ba1 Red8 20. Qc3 Qb4 21. Qc2 Bb7 22. Bc3 Qb6 23. cxd5 Bxd5 24. Nc4 Bxc4 25. bxc4 Ne8 26. Qa4 Rxd1+ 27. Rxd1 Kf8 28. Bxa5 Qb8 29. Bc3 Nd6 30. Qa6 Rd8 31. Be5 f6 32. Bc3 Kf7 33. Bc6 Qc8 34. Qxc8 Rxc8 35. Bb5 e5 36. a4 Rb8 37. Rb1 Kf8 38. Rb2 Bd8 39. f3 Ke7 40. Rd2 Bc7 41. Rd5 Ke6 42. Rxc5 Bb6 43. Rc6 Bxe3+ 44. Kg2 Kd7 45. Bb4 Nxb5 46. axb5 Ra8 47. Rd6+ Kc7 48. Rc6+ Kb7 49. Bc5 Ra2+ 50. Kh3 Bd4 51. Bxd4 exd4 52. Rd6 Rd2 53. c5 d3 54. Rd7+ Kc8 55. c6 Rb2 56. Rxd3 Rxb5 57. Rd7 Rc5 58. Rxg7 Rxc6 59. Rxh7 f5 60. Rf7 Rh6+ 61. Kg2 Rh5 62. h4 Kd8 63. Kh3 Ke8 64. Ra7 Rh6 65. g4 fxg4+ 66. fxg4 Rb6 67. h5 Kf8 68. Kh4 Rb5 69. h6 Kg8 70. g5 Kh8 71. Kh5 Rb8 72. Ra5 Rg8 73. g6 Re8 74. Kg5 Kg8 75. Kf6 Rf8+ 76. Ke7 Rb8 77. Rd5 Rb7+ 78. Rd7 1-0

[Event "Valencia Autonomico Sur-B"]
[Site "Valencia"]
[Date "2009.01.24"]
[Round "3.5"]
[White "Arnot, Robert"]
[Black "Alonso Jimenez, Jaime"]
[Result "1-0"]
[WhiteElo "1924"]
[BlackElo "1841"]
[PlyCount "127"]
[EventDate "2009.01.10"]
[EventType "team-tourn"]
[EventRounds "5"]
[EventCountry "ESP"]
[SourceTitle "EXT 2011"]
[Source "ChessBase"]
[SourceDate "2010.11.26"]
[SourceVersion "1"]
[SourceVersionDate "2010.11.26"]
[SourceQuality "1"]

1. d4 d5 2. Bf4 c5 3. e3 e6 4. c3 Qb6 5. Qb3 c4 6. Qc2 Bd7 7. Nf3 Nc6 8. Nbd2 Nf6 9. Be2 Nh5 10. Bg5 h6 11. Bh4 g5 12. Ne5 Nxe5 13. dxe5 Ng7 14. Bg3 h5 15. h3 Nf5 16. Bh2 Bc5 17. Nf3 Bxe3 18. fxe3 Nxe3 19. Qd2 Nxg2+ 20. Kd1 Ne3+ 21. Kc1 0-0-0 22. Bg1 d4 23. Nxd4 Nd5 24. Nf5 Qa5 25. Nd6+ Kb8 26. Nxc4 Qa4 27. Nd6 Nf4 28. Bd4 Bc6 29. Re1 Rd7 30. Qc2 Qa5 31. b4 Nxe2+ 32. Qxe2 Qd8 33. Qe3 b6 34. a4 f5 35. exf6 Rxd6 36. Be5 Kb7 37. Bxd6 Qxd6 38. Qxg5 Rc8 39. Qe5 Qxe5 40. Rxe5 Bg2 41. Re3 Rf8 42. Ra2 Bd5 43. Rf2 a6 44. Re5 b5 45. a5 Kc6 46. Rxh5 Be4 47. Rc5+ Kd6 48. h4 Rf7 49. h5 Kd7 50. h6 Kd6 51. Rg5 Bf5 52. Rgxf5 exf5 53. Rxf5 Ke6 54. Rc5 Kxf6 55. Rc6+ Ke5 56. Rxa6 Kd5 57. Kb2 Rf1 58. h7 Rh1 59. Ra7 Kc6 60. Kc2 Rh3 61. Rf7 Rh4 62. a6 Kb6 63. a7 Rh5 64. a8R 1-0